Which is the largest country by area? - Statistics

General Stats
  • This quiz has been taken 170 times
  • The average score is 4 of 15
Answer Stats
Question Answer % Correct
Which is the largest country by area? D.R. Congo
100%
Which is the largest country by area? Afghanistan
67%
Which is the largest country by area? India
67%
Which is the largest country by area? China
33%
Which is the largest country by area? Dominican Republic
33%
Which is the largest country by area? Japan
33%
Which is the largest country by area? Lesotho
33%
Which is the largest country by area? South Africa
33%
Which is the largest country by area? Yemen
33%
Which is the largest country by area? Belize
0%
Which is the largest country by area? Cameroon
0%
Which is the largest country by area? Honduras
0%
Which is the largest country by area? Myanmar
0%
Which is the largest country by area? Nigeria
0%
Which is the largest country by area? Panama
0%
No matching quizzes found
Score Distribution
Percent of People with Each Score
Percentile by Number Answered
Your Score History
You have not taken this quiz